| 000 | 00718nac a22001931u 4500 | ||
|---|---|---|---|
| 008 | 101007t xxu||||| |||| 00| 0 eng d | ||
| 020 | _a04153539120 | ||
| 020 | _a9780415353922 | ||
| 082 |
_a696 _bMOS |
||
| 100 |
_aMoss, Keith J. _920158 |
||
| 245 |
_aEnergy Management in Buildings / _cKeith J. Moss |
||
| 250 | _a2nd ed. | ||
| 260 |
_aLondon _bTaylor & Francis ,2006 _c2006. |
||
| 300 |
_aix,225 p. ; _c24 cm. |
||
| 650 |
_a Buildings _x Energy conservation _920159 |
||
| 650 |
_aBuildings _x Energy consumption _920160 |
||
| 942 |
_cBB _k696 MOS _2ddc |
||
| 999 |
_c2219 _d2219 |
||